<?xml version="1.0" encoding="UTF-8"?>
<collection xmlns="http://www.loc.gov/MARC21/slim">
 <record>
  <leader>01564nam a22002657a 4500</leader>
  <controlfield tag="001">NCT_134865</controlfield>
  <controlfield tag="008">201002b        xxu||||| |||| 00| 0 vie d</controlfield>
  <datafield tag="999" ind1=" " ind2=" ">
   <subfield code="c">6954</subfield>
   <subfield code="d">6954</subfield>
  </datafield>
  <datafield tag="020" ind1=" " ind2=" ">
   <subfield code="a">9786049469848</subfield>
   <subfield code="c">199000</subfield>
  </datafield>
  <datafield tag="082" ind1="0" ind2="4">
   <subfield code="2">23rd ed.</subfield>
   <subfield code="a">658.4022</subfield>
   <subfield code="b">Qu105L</subfield>
  </datafield>
  <datafield tag="245" ind1="0" ind2="0">
   <subfield code="a">Quản lý đội nhóm = </subfield>
   <subfield code="b">On teams : Khoa học mới về xây dựng đội nhóm xuất sắc</subfield>
   <subfield code="c">Alex Sanday Pentland,... [et.al] ; Đặng Thanh Tâm (dịch)</subfield>
  </datafield>
  <datafield tag="260" ind1=" " ind2=" ">
   <subfield code="a">H.</subfield>
   <subfield code="b">Đại học Kinh tế Quốc dân</subfield>
   <subfield code="c">2020</subfield>
  </datafield>
  <datafield tag="300" ind1=" " ind2=" ">
   <subfield code="a">154 tr.</subfield>
   <subfield code="b">Minh họa</subfield>
   <subfield code="c">27cm</subfield>
  </datafield>
  <datafield tag="490" ind1="0" ind2=" ">
   <subfield code="a">Harvard business review</subfield>
  </datafield>
  <datafield tag="500" ind1=" " ind2=" ">
   <subfield code="a">Tựa gốc: HBR's Must Read on innovation</subfield>
  </datafield>
  <datafield tag="520" ind1="3" ind2=" ">
   <subfield code="a">Nội dung bài viết đề cập đến cái bài viết về Khoa học mới về việc xây dựng đội nhóm xuất sắc; Lý do khiến các nhóm không thể thành công; Kỷ luật đội nhóm xuất sắc; 8 yếu tố xây dựng nhóm phức hợp thành công;..... những bài viết trên sẽ rất hữu ích cho bạn trong việc quản lý nhóm</subfield>
  </datafield>
  <datafield tag="653" ind1=" " ind2=" ">
   <subfield code="a">Quản trị kinh doanh</subfield>
  </datafield>
  <datafield tag="700" ind1="1" ind2=" ">
   <subfield code="a">Pentland, Alex Sanday</subfield>
  </datafield>
  <datafield tag="700" ind1="1" ind2=" ">
   <subfield code="a">Coutu, Diane</subfield>
  </datafield>
  <datafield tag="700" ind1="1" ind2=" ">
   <subfield code="a">Katzenbach, Jon R.</subfield>
  </datafield>
  <datafield tag="700" ind1="1" ind2=" ">
   <subfield code="a">Smith, Douglas K.</subfield>
  </datafield>
  <datafield tag="700" ind1="1" ind2=" ">
   <subfield code="a">Đặng Thanh Tâm</subfield>
   <subfield code="e">Dịch</subfield>
  </datafield>
  <datafield tag="942" ind1=" " ind2=" ">
   <subfield code="2">ddc</subfield>
   <subfield code="c">BK</subfield>
  </datafield>
  <datafield tag="952" ind1=" " ind2=" ">
   <subfield code="0">0</subfield>
   <subfield code="1">0</subfield>
   <subfield code="2">ddc</subfield>
   <subfield code="4">0</subfield>
   <subfield code="6">658_402200000000000_QU105L</subfield>
   <subfield code="7">0</subfield>
   <subfield code="9">24868</subfield>
   <subfield code="a">000001</subfield>
   <subfield code="b">000001</subfield>
   <subfield code="d">2022-06-04</subfield>
   <subfield code="o">658.4022 Qu105L</subfield>
   <subfield code="p">MD.19536</subfield>
   <subfield code="r">2022-06-04</subfield>
   <subfield code="w">2022-06-04</subfield>
   <subfield code="y">BK</subfield>
  </datafield>
  <datafield tag="980" ind1=" " ind2=" ">
   <subfield code="a">Thư viện Trường Đại học Nam Cần Thơ</subfield>
  </datafield>
 </record>
</collection>
